000 00271nam a2200109Ia 4500
008 190216s9999||||xx |||||||||||||| ||und||
100 _aAcharya B K & Govekar P B
245 0 _aPrinciples Of Business Organisation
260 _bNull
_c1974
300 _a897p
942 _cBK
999 _c3869
_d3869